000 02370nam a2200457 c 4500
999 _c14134
_d14134
003 BLK
005 20250304095847.0
008 180412b bul|||||r ||||||| ||bul||
010 _aKNG00015831000
020 _a954-8079-55-0
040 _aBLK
041 _aBUL
_cBUL
080 _aМеждународни политически отношения. Световна политика. Международна политика. Дипломация
_b327
_x(47+57)(091)
_z327(47+57)(091)
080 _aИстория на Русия и СССР. Вж и 936 ; 957
_b94(470)
_z94(470)
080 _aОргани на обществения ред. Полиция. Обществена власт. Доброволни отреди. Държавна сигурност. Милиция. Дейност на полицията по вътрешно разузнаване
_b351.74
_x(47+57)(091)
_z351.74(47+57)(091)
100 1 _aБунич, Игор Лвович
_eпърви автор
_943920
139 _aБунич, Игор Лвович
_bБ 86
245 1 0 _aКапанът на Сталин
_bДокум. хроника
_cИгор Лвович Бунич; прев. от рус. Красимира Стоичкова.
257 _aSUN
260 _bПрозорец
_c1994
300 _a288 с.
_c20 см
380 _a3
500 _aОриг. загл. Операция Гроза / Игор Бунич. - Изд. е кн. 2 от трилогията Операция Буря. - Офс. изд.
650 4 _aСССР - вътрешна и външна политика - история
_9255841
650 4 _aВтора световна война - участие на СССР
_9256326
650 4 _aПолитици, съветски
_9250566
650 4 _aДържавна сигурност - СССР - история
_9255978
651 4 _aСССР
_9179592
653 _aВтора световна война
653 _aдържавна сигурност
653 _aСССР
653 _aполитици
700 1 _aСтоичкова, Красимира
_eпрев. от рус.
_9258975
852 _aЦб 190588
856 4 _qpdf
_u
856 4 _qpdf
_u
942 _cKNG
_n0
_s1
_010
944 _aCR
_c14.03.2003
_k30576
_lЦветомила Тодорова
944 _aED
_c08.05.2014
999 _d14134